| 000 | 00400cam a2200145ua 4500 | ||
|---|---|---|---|
| 041 |
_amal _h |
||
| 082 |
_a894.8121 _bKIT/KA |
||
| 100 | _aKittunni Nair, Kuttipurathu . | ||
| 245 |
_aKavya rasmi / _cKuttipurathu Kittunni Nair. _hTextual Documents |
||
| 260 |
_aThrissur : _bVallathole Printing and Publishing House , _c1951. |
||
| 300 | _a47 ; . | ||
| 504 | _a | ||
| 942 | _cBK | ||
| 999 |
_c4812 _d4812 |
||